Política en tiempo de guerra /
Збережено в:
| Автор: | |
|---|---|
| Формат: | Текст |
| Предмети: | |
| Теги: |
Додати тег
Немає тегів, Будьте першим, хто поставить тег для цього запису!
|
MARC
| LEADER | 00000 a a2200000 04500 | ||
|---|---|---|---|
| 001 | 706 | ||
| 003 | |||
| 040 | |||
| 100 | |a Mires, Fernando | ||
| 245 | |a Política en tiempo de guerra / |c Fernando Mires | ||
| 650 | |a GUERRA | ||
| 650 | |a PAZ | ||
| 650 | |a FILOSOFIA | ||
| 650 | |a DERECHO | ||
| 773 | |g número 340; páginas 12-17 | ||
| 999 | |c 29340 |d 29340 | ||
